000 00491cam a2200193 4500
001 B1932
008 090401t1964 xxu||||| |||| 00| 0 eng d
035 _a(Sirsi) u47128
041 _aeng
050 _a692.5
100 _aWillis, Arthur J
245 3 _aAn example in quantity surveying
260 _aLondon
_bCrosby Lockwood and Son Ltd
_c1964
300 _a3v. and 3 plans in slip case ; 32cm.
350 _a0
650 _aBILLS OF QUANTITIES
942 _n0
948 _c04/03/1997
999 _c92075
_d92075